00590nam a2200193 a 4500020001800000082001900018100002100037245003100058260004200089300000900131500003500140505002400175650001500199650003700214700002100251942000700272952010000279999001700379 a0195628 00a322.10954bBHA aBharucha, Rustom aIn the Name of the Secular aDelhi bOxford and IBH PUB CO. c1998 a197p aincludes index and biblioraphy2 areference and notes aSecularism aStage Presentation Andsecularism1 aBharucha, Rustom cBK 00104070aHMIbHMId2007-06-14g395.00l0o322.10954 BHAp018269r2007-06-14w2026-01-16yBK c12192d12192